FINDING A PURPOSE IN LIFE 26 PEOPLE WHO (Record no. 14379)

MARC details
000 -LEADER
fixed length control field 00356nam a2200133Ia 4500
008 - FIXED-LENGTH DATA ELEMENTS--GENERAL INFORMATION
fixed length control field 240624s9999 xx 000 0 und d
041 ## - LANGUAGE CODE
Language code of text/sound track or separate title eng
082 ## - DEWEY DECIMAL CLASSIFICATION NUMBER
Classification number 823 LAL
100 ## - MAIN ENTRY--PERSONAL NAME
Personal name LALA R M
245 ## - TITLE STATEMENT
Title FINDING A PURPOSE IN LIFE 26 PEOPLE WHO
260 ## - PUBLICATION, DISTRIBUTION, ETC.
Date of publication, distribution, etc. 2009
Place of publication, distribution, etc. London
Name of publisher, distributor, etc. Harper Collins Publishers
300 ## - PHYSICAL DESCRIPTION
Extent xiii, : 116 : p. : cm. ; 19
365 ## - TRADE PRICE
Currency code RS
Price amount 20
Holdings
Withdrawn status Lost status Damaged status Not for loan Home library Current library Shelving location Date acquired Source of acquisition Cost, normal purchase price Total Checkouts Total Holds Full call number Barcode Date last seen Date last checked out Copy number Price effective from Koha item type
        IMTN IMTN Rack 40-B 02/16/2010 WBD 150.00 2 845 823 LAL 14379 01/17/2026 01/07/2026 1 06/24/2024 Books
Designed & Maintained by: LRC IMT Nagpur Contact: lrc@imtnag.ac.in© 2024. All Rights Reserved.